000
00294nam a2200109Ia 4500
008
200302s9999 xx 000 0 und d
100
_a
Nadim Hassoun & other
245
_a
Structural Concrete Theory and Design 5th ed.,
260
_b
John Wiley and Sons ,Inc
260
_c
2012
300
_a
1007 P.,
999
_c
3128
_d
3128